| 000 | 01808nam0a2200349 4500 | ||
|---|---|---|---|
| 001 | RU\NLR\bibl\1857155 | ||
| 005 | 20250616181323.0 | ||
| 021 |
_aRU _b2011-101461 _97265 |
||
| 035 | _a(nilc)LIBNET\0000196520 | ||
| 035 | _a(NLR Aleph) 001847079 | ||
| 090 |
_a2350837 _c2350837 |
||
| 100 | _a20120111d2011 |||y0rusy50 ca | ||
| 101 | 0 | _arus | |
| 102 | _aRU | ||
| 105 | _aa ||||||||| | ||
| 200 | 1 |
_aОсновы аудита _eучебное пособие _eдля студентов, обучающихся по специальности 080109.65 - Бухгалтерский учет, анализ и аудит _fН. Г. Николаенко, С. А. Нардина _gМ-во сел. хоз-ва Рос. Федерации, Федер. гос. образоват. учреждение высш. проф. образования "Ом. гос. аграр. ун-т" (ФГОУ ВПО ОмГАУ), Ин-и экономики и финансов |
|
| 210 |
_aОмск _cИзд-во ФГОУ ВПО ОмГАУ _d2011 |
||
| 215 |
_a143 с. _cтабл. _d21 |
||
| 320 | _aБиблиогр.: с. 140-143 (40 назв.) | ||
| 606 | 1 |
_aАудит _jУчебные издания для высших учебных заведений _yРоссийская Федерация _92075686 _3RU\NLR\auth\661250767 |
|
| 610 | 1 | _aАудит | |
| 686 |
_a65.052.8я73 _vLBC/M _2rubbk |
||
| 686 | _aУ052.9(2)2я73 | ||
| 700 | 1 |
_aНиколаенко _bН. Г. _gНадежда Георгиевна _4070 |
|
| 701 | 1 |
_aНардина _bС. А. _gСветлана Александровна _4070 |
|
| 801 | 0 |
_aRU _bОмская ГОНБ _c20120111 _grcr |
|
| 801 | 1 |
_aRU _bОмская ГОНБ _c20120111 _grcr _2rusmarc |
|
| 801 | 2 |
_aRU _bNLR _c20120117 _grcr |
|
| 942 | _cBOOK | ||
| 980 | _aNB | ||
| 980 | _aNBR | ||